| 000 | 00677nam a2200205Ii 4500 | ||
|---|---|---|---|
| 001 | 3410 | ||
| 003 | CO-ViMGA | ||
| 008 | 241108s9999||||xx |||||||||||||| ||und|| | ||
| 040 |
_aCO-ViMGA _bspa _erda _cCO-ViMGA |
||
| 041 | 0 | _aspa | |
| 082 | 0 | 4 | _a303.62 R628 |
| 100 | 1 |
_aGustavo Adolfo Robayo Castillo _947561 |
|
| 245 | 1 | 0 | _aLa mediación, un medio pacífico para la solución de conflictos |
| 264 | 1 | _aBogotá, Colombia : Defensoria del Pueblo, [Fecha de publicación no identificada] | |
| 300 | _avolumen | ||
| 336 |
_atext _btxt _2rdacontent |
||
| 337 |
_aunmediated _bn _2rdamedia |
||
| 338 |
_avolume _bnc _2rdacarrier |
||
| 940 | _aidficha_siabuc: 3327. -- ficha_no_siabuc:3410 | ||
| 999 |
_c42162 _d42162 |
||